טוען...
Koolivelayum Mudakkumutalum /
| מחבר ראשי: | |
|---|---|
| פורמט: | Printed Book |
| שפה: | Malayalam |
| יצא לאור: |
:
Prabhatham Printing and Publishing Company ,
1960.
|
| מהדורה: | 5 / |
| LEADER | 00588cam a2200193ua 4500 | ||
|---|---|---|---|
| 020 | |c Rs 1.00 | ||
| 041 | |a mal | ||
| 082 | |a 335.4 |b MAR/KO | ||
| 100 | |a Marx, Karl. | ||
| 245 | |a Koolivelayum Mudakkumutalum / |c Karl Marx. |h Textual Documents | ||
| 250 | |a 5 / |b . | ||
| 260 | |a : |b Prabhatham Printing and Publishing Company , |c 1960. | ||
| 300 | |a 96 ; . | ||
| 365 | |a Rs 1.00 | ||
| 504 | |||
| 541 | |e 9065 |h Rs 1.00 | ||
| 942 | |c BK | ||
| 999 | |c 28565 |d 28565 | ||
| 952 | |0 0 |1 0 |4 0 |6 335_400000000000000 |7 0 |9 37223 |a KAUAET |b KAUAET |d 2012-04-07 |m 0 |o 335.4 |p KAU_KCAET-9065 |r 2012-04-07 |w 2012-04-07 |y BK | ||